| 000 | 00541nam a2200193Ia 4500 | ||
|---|---|---|---|
| 003 | IN-BaIIA | ||
| 008 | 211028s9999 xx 000 0 eng d | ||
| 040 | _cIIA Library | ||
| 080 |
_a[4]:01:00 _bBAR |
||
| 100 |
_aBart, Richard Gregory _935762 |
||
| 245 | 0 |
_aMatriculation physics and chemistry _cRichard Gregory Bart, P. A. Dhond and M. R. Ingle |
|
| 260 |
_aLondon _bMacmillan _c1937 |
||
| 300 | _a728p. | ||
| 650 | _aChemistry | ||
| 650 |
_aPhysics _973 |
||
| 700 |
_aDhond, P. A _935763 |
||
| 700 |
_aIngle, M. R _935764 |
||
| 942 | _cBK | ||
| 999 |
_c18679 _d18679 |
||